Índice de progreso social : (Registro nro. 5079)

Detalles MARC
000 -LEADER
fixed length control field 01273nam a2200277Ia 4500
003 - CONTROL NUMBER IDENTIFIER
control field OSt
005 - DATE AND TIME OF LATEST TRANSACTION
control field 20200515141706.0
008 - FIXED-LENGTH DATA ELEMENTS--GENERAL INFORMATION
fixed length control field 191128s1992 ck a gr 000 0dspa d
040 ## - CATALOGING SOURCE
Original cataloging agency CO-JMCR
Transcribing agency CO-JMCR
041 0# - LANGUAGE CODE
Language code of text/sound track or separate title spa
082 04 - DEWEY DECIMAL CLASSIFICATION NUMBER
Classification number 309.016 /
Item number D271i
Edition number 23
100 1# - MAIN ENTRY--PERSONAL NAME
Personal name Desai, Meghnad,
Relator term autor
9 (RLIN) 4385
245 10 - TITLE STATEMENT
Title Índice de progreso social :
Remainder of title una propuesta /
Statement of responsibility, etc. Meghnad Desai, Amartya Sen, Julio Boltvinik
260 ## - PUBLICATION, DISTRIBUTION, ETC.
Place of publication, distribution, etc. Bogotá :
Name of publisher, distributor, etc. Programa de las Naciones Unidas para el Desarrollo,
Date of publication, distribution, etc. 1992
300 ## - PHYSICAL DESCRIPTION
Extent 101 páginas :
Other physical details tablas ;
Dimensions 23 cm.
490 0# - SERIES STATEMENT
Series statement Proyecto regional para la superación de la pobreza en América Latina y el Caribe RLA/86/004
504 ## - BIBLIOGRAPHY, ETC. NOTE
Bibliography, etc. note Incluye bibliografía.
505 ## - FORMATTED CONTENTS NOTE
Formatted contents note Una visión panóramica -- Progreso y deficit social : algunas cuestiones metodólogicas -- Hacia un indicador alternativo de desarrollo -- Bienestar y pobreza : propuesta para un índice de progreso social
650 14 - SUBJECT ADDED ENTRY--TOPICAL TERM
Topical term or geographic name entry element Desarrollo social
General subdivision Países en desarrollo
9 (RLIN) 4386
650 24 - SUBJECT ADDED ENTRY--TOPICAL TERM
Topical term or geographic name entry element Desarrollo social
Geographic subdivision América Latina
9 (RLIN) 4387
650 24 - SUBJECT ADDED ENTRY--TOPICAL TERM
Topical term or geographic name entry element Desarrollo social
Geographic subdivision Caribe (Región, Colombia)
9 (RLIN) 4388
650 24 - SUBJECT ADDED ENTRY--TOPICAL TERM
Topical term or geographic name entry element Cambio social
General subdivision Países en desarrollo
9 (RLIN) 4389
700 1# - ADDED ENTRY--PERSONAL NAME
Personal name Sen, Amartya,
Relator term autora
9 (RLIN) 2522
700 1# - ADDED ENTRY--PERSONAL NAME
Personal name Boltvinik, Julio,
Relator term autor
9 (RLIN) 4390
942 ## - ADDED ENTRY ELEMENTS (KOHA)
Source of classification or shelving scheme Dewey Decimal Classification
Koha item type Books
Existencias
Withdrawn status Lost status Source of classification or shelving scheme Materials specified (bound volume or other part) Damaged status Not for loan Home library Current library Shelving location Date acquired Source of acquisition Cost, normal purchase price Total Checkouts Full call number Barcode Date last seen Copy number Price effective from Koha item type
    Dewey Decimal Classification Donación--15/04/2018--     Biblioteca Pública José María del Castillo y Rada Biblioteca Pública José María del Castillo y Rada General Stacks 11/28/2019 Donación 0.00   309.016 / D271i 430001262 05/16/2024 Ej.1 11/28/2019 Books